000 00946cam a2200325 4500
001 76397
003 BD-RjUL
005 20211209082832.0
008 191201s1968 enkabe b 001 0 eng
020 _a0289795672
035 _a(BD-RjUL)76618
040 _aDLC
_cDLC
_dDLC
_beng
041 _aeng
082 0 0 _a711/.4
_223
_bFRV 1968
100 1 _aFraser, Douglas,
_d1929-1982.
_9235810
245 1 0 _aVillage planning in the primitive world /
_cDouglas Fraser
260 _aNewyork :
_bGrorge Braziller ,
_c1968.
300 _a128 p. :
_billus., maps, plan.,
_c25 cm.
350 _a42/-
490 0 _aPlanning and cities
504 _aBibliography: p. 118-119.
650 0 _aCity planning.
_9235811
650 0 _aVillages.
_9235812
906 _a7
_bcbc
_corignew
_d4
_encip
_f19
_gy-gencatlg
942 _2ddc
_cBK
999 _c76397
_d76397